<?xml version="1.0" encoding="UTF-8"?><?xml-stylesheet type="text/xsl" href="static/style.xsl"?><OAI-PMH xmlns="http://www.openarchives.org/OAI/2.0/" xmlns:xsi="http://www.w3.org/2001/XMLSchema-instance" xsi:schemaLocation="http://www.openarchives.org/OAI/2.0/ http://www.openarchives.org/OAI/2.0/OAI-PMH.xsd"><responseDate>2026-04-14T08:41:32Z</responseDate><request verb="GetRecord" identifier="oai:www.recercat.cat:20.500.12328/1133" metadataPrefix="marc">https://recercat.cat/oai/request</request><GetRecord><record><header><identifier>oai:recercat.cat:20.500.12328/1133</identifier><datestamp>2025-05-20T00:01:35Z</datestamp><setSpec>com_2072_67741</setSpec><setSpec>col_2072_484352</setSpec></header><metadata><record xmlns="http://www.loc.gov/MARC21/slim" xmlns:dcterms="http://purl.org/dc/terms/" xmlns:xsi="http://www.w3.org/2001/XMLSchema-instance" xmlns:doc="http://www.lyncode.com/xoai" xsi:schemaLocation="http://www.loc.gov/MARC21/slim http://www.loc.gov/standards/marcxml/schema/MARC21slim.xsd">
   <leader>00925njm 22002777a 4500</leader>
   <datafield ind2=" " ind1=" " tag="042">
      <subfield code="a">dc</subfield>
   </datafield>
   <datafield ind2=" " ind1=" " tag="720">
      <subfield code="a">Guerrero Torrelles, Mariona</subfield>
      <subfield code="e">author</subfield>
   </datafield>
   <datafield ind2=" " ind1=" " tag="720">
      <subfield code="a">Monforte Royo, Cristina</subfield>
      <subfield code="e">author</subfield>
   </datafield>
   <datafield ind2=" " ind1=" " tag="720">
      <subfield code="a">Tomás Sábado, Joaquín</subfield>
      <subfield code="e">author</subfield>
   </datafield>
   <datafield ind2=" " ind1=" " tag="720">
      <subfield code="a">Marimon Viadiu, Frederic</subfield>
      <subfield code="e">author</subfield>
   </datafield>
   <datafield ind2=" " ind1=" " tag="720">
      <subfield code="a">Porta Sales, Josep</subfield>
      <subfield code="e">author</subfield>
   </datafield>
   <datafield ind2=" " ind1=" " tag="720">
      <subfield code="a">Balaguer Santamaría, Albert</subfield>
      <subfield code="e">author</subfield>
   </datafield>
   <datafield ind2=" " ind1=" " tag="260">
      <subfield code="c">2017-12</subfield>
   </datafield>
   <datafield ind2=" " ind1=" " tag="520">
      <subfield code="a">Context. Meaning in life (MiL) is a key factor for ensuring spiritual well-being and quality of life among patients with life threatening illnesses. However, the role of MiL in relation to the wish to hasten death (WTHD) and its interaction with other physical and psychological factors in patients with advanced cancer has not yet been studied. &#xd;
&#xd;
Objective. The objective of this study was to analyze the relationship between the WTHD and MiL and to propose a theoretical model of functional relationships among WTHD, performance status, depression, and MiL. &#xd;
&#xd;
Methods. This is a cross-sectional study of 101 patients in a palliative care unit, who were assessed in the context of a clinical interview. Outcome measures included performance status, depression, MiL, and the WTHD. Structural equation modeling was used to analyze the functional relationships between these factors. &#xd;
&#xd;
Results. The WTHD correlated significantly (P &lt; 0.01) with MiL (r = 0.60), performance status (r = 0.548), and depression (r = 0.397). The structural equation modeling analysis showed that although there was no significant direct effect between performance status and the WTHD, there was a significant total effect because of the mediation of depression and MiL. The latter played the most significant role, accounting for 76.5% of the mediation. &#xd;
&#xd;
Conclusion. These results support the proposed model and provide evidence of a mediator effect of MiL and depression on the relationship between physical impairment and the WTHD in advanced patients. Our findings suggest that interventions to enhance MiL could help to address and/or prevent the emergence of a WTHD in this population.</subfield>
   </datafield>
   <datafield ind1="8" ind2=" " tag="024">
      <subfield code="a">Guerrero-Torrelles, Mariona; Monforte-Royo, Cristina; Tomas-Sabado, Joaquin; Marimon Viadiu, Frederic; Porta-Sales, Josep; Balaguer, Albert. «Meaning in life as a mediator between physical impairment and the wish to hasten death in patients with advanced cancer». Journal of pain and symptom management, 2017, vol. 54, núm. 6, p. 826-834. Disponible en: &lt;https://www.sciencedirect.com/science/article/pii/S0885392417303494?via%3Dihub>. Fecha de acceso: 08 jul. 2019. https://doi.org/10.1016/j.jpainsymman.2017.04.018</subfield>
   </datafield>
   <datafield ind1="8" ind2=" " tag="024">
      <subfield code="a">0885-3924</subfield>
   </datafield>
   <datafield ind1="8" ind2=" " tag="024">
      <subfield code="a">http://hdl.handle.net/20.500.12328/1133</subfield>
   </datafield>
   <datafield ind1="8" ind2=" " tag="024">
      <subfield code="a">https://doi.org/10.1016/j.jpainsymman.2017.04.018</subfield>
   </datafield>
   <datafield tag="653" ind2=" " ind1=" ">
      <subfield code="a">Qualitat de vida</subfield>
   </datafield>
   <datafield tag="653" ind2=" " ind1=" ">
      <subfield code="a">Quality of life</subfield>
   </datafield>
   <datafield tag="653" ind2=" " ind1=" ">
      <subfield code="a">Calidad de vida</subfield>
   </datafield>
   <datafield tag="653" ind2=" " ind1=" ">
      <subfield code="a">Tractament pal·liatiu</subfield>
   </datafield>
   <datafield tag="653" ind2=" " ind1=" ">
      <subfield code="a">Palliative treatment</subfield>
   </datafield>
   <datafield tag="653" ind2=" " ind1=" ">
      <subfield code="a">Cuidados paliativos</subfield>
   </datafield>
   <datafield tag="653" ind2=" " ind1=" ">
      <subfield code="a">Eutanàsia</subfield>
   </datafield>
   <datafield tag="653" ind2=" " ind1=" ">
      <subfield code="a">Euthanasia</subfield>
   </datafield>
   <datafield tag="653" ind2=" " ind1=" ">
      <subfield code="a">Eutanasia</subfield>
   </datafield>
   <datafield ind2="0" ind1="0" tag="245">
      <subfield code="a">Meaning in life as a mediator between physical impairment and the wish to hasten death in patients with advanced cancer</subfield>
   </datafield>
</record></metadata></record></GetRecord></OAI-PMH>